| 000 | 01436nam a2200289 a 4500 | ||
|---|---|---|---|
| 001 | 000025428 | ||
| 003 | DO-SdBNP | ||
| 005 | 20250428113921.0 | ||
| 007 | ta | ||
| 008 | 110216s1992 dr ac 000 0 spa d | ||
| 040 |
_aDO-SdBNP _bspa _cBNPHU |
||
| 082 |
_a305.4363 _bG643m _222 |
||
| 100 | 1 |
_aGonzález del Valle Ávalos, Manuel _952033 |
|
| 245 | 1 | 0 |
_aMujer campesina ... : _b... talento olvidado del desarrollo rural / _cManuel González del Valle A. |
| 260 |
_aSanto Domingo : _bCorripio, _c1992. |
||
| 300 |
_a127 p. : _bil., retr. ; _c24 cm. |
||
| 500 | _aIncluye bibliografía y notas al pie de páginas. | ||
| 504 | _aBibliografía : p. 120-127 | ||
| 505 | 0 |
_gUna nueva esperanza -- _gPrólogo reciente -- _gA manera de prólogo -- _tIntroducción -- _tAlbores y olvidos -- _tRealidades y vivencias -- _tProyecciones y esperanzas -- _tA manera de epílogo: Pinceladas en República Dominicana -- _tApéndice: Un modelo de desarrollo rural integrado. La familia campesina vista por el campesinado -- _gBibliografía. |
|
| 586 | _aPremio en el concurso literario "Presidente Antonio Ortíz Mena", en el homenaje al Año Internacional de la Mujer. Organizado por el IDB Staff Asociation. | ||
| 590 | _aInventariado, 2018/MFF | ||
| 650 | 0 |
_aMujeres en desarrollo rural _921070 |
|
| 650 | 0 |
_aMujeres campesinas _946973 |
|
| 650 | 0 |
_aMujeres en desarrollo _948095 |
|
| 910 | _aValidado. Control de calidad EMS. | ||
| 942 |
_2ddc _cLBS1 |
||
| 999 |
_c24920 _d24920 |
||